Statistics for Soccer General Knowledge Quiz

Click here to take the quiz!

General Stats

  • This quiz has been taken 340 times
    (324 since last reset)
  • The average score is 5 of 10

Answer Stats

HintAnswer% Correct
Nationality of Paul ScholesEnglish
82%
Most famous free kick of all time (outside of the foot curve)Roberto Carlos
74%
Nationality of Andrey ShevchenkoUkrainian
71%
Which club did Ronaldinho move to after BarcelonaAC MIlan
69%
new coach of Liverpool FCJurgen Klopp
66%
2nd highest rated Welsh player of the 2015 seasonAaron Ramsey
32%
Replacement French Kepper in thhe 2014 World CupMandanda
29%
Which club did Esteban Cambiasso move to after Inter MilanLeicester City
28%
Who was the winkerCristianoRonaldo
27%
Highest FIFA rated Fiorentina player of all timeMario Gomez
18%

Score Distribution

Percentile by Number Answered

Percent of People with Each Score

Your Score History

You have not taken this quiz since the last reset